000 00942nam a2200289 4500
003 EG-GICUC
005 20260407090241.0
008 260402s1928 Fr |||f |||| 00| 0 Fre d
040 _a EG-GICUC
_bfre
_c EG-GICUC
_d EG-GICUC
_erda
082 0 4 _a341.1
_bR A . É
_221
092 0 4 _221
099 _aLaw1 11 341.1 R A . É 1928
100 1 _aRabbath E.
_eAuteur
245 _aL'Évolution Politique De La Syrie Sous Mandat /
_cby E. Rabbath, Préface De L,Emir Chékib Arslan.
264 _aParis:
_bMarcel Riviére, Editeur,
_c1928.
300 _a277 Pages;
_c24 Cm.
336 _2rda content
_atext
337 _2rda media
_aComputer
338 _2rda carrier
_aOnline Resource
546 _aTexte en français
650 1 4 _adroit international public
651 1 _2qrmak
700 1 _aL,Emir Chékib Arslan
_ePréfacier
856 4 0 _uhttps://fll.law.cu.edu.eg/fulltext/bks/B11-08221.pdf
905 _a64
942 _2ddc
_cBK
_e21
_n0
999 _c68392
_d68392